| 000 | 01245nam a2200337 a 4500 | ||
|---|---|---|---|
| 001 | 000109416 | ||
| 003 | CHAP | ||
| 005 | 20220329144050.0 | ||
| 008 | 140425s2013 mx sm |||||||spa d | ||
| 010 | _a105878 | ||
| 011 | _a106850 | ||
| 040 | _cCHAP | ||
| 090 | _aTesis | ||
| 100 | 1 |
_aBarragan Aviles, Adriana Marlen _9126630 |
|
| 245 | 1 | 0 |
_aDiagnóstico, viabilidad y manejo químico de hongos en granos almacenados _h[En línea] _cpor Adriana Marlen Barragan Aviles. |
| 260 |
_aChapingo, Méx. : _bEl autor, _c2013. |
||
| 500 | _aPara ver el contenido del material haga clic en la liga | ||
| 502 | _aTesis (Ing. Agr. Esp. en Parasitología Agrícola) -- UACH. Departamento de Parasitología Agrícola | ||
| 590 |
_aBATCH-UPD _b05 _c20141002 _lUCH01 _h0902 |
||
| 590 |
_aBATCH _b00 _c20181121 _lUCH01 _h0758 |
||
| 590 |
_aE5765TAJ _b05 _c20140425 _lUCH01 _h1157 |
||
| 590 |
_aE5765TAJ _b05 _c20140425 _lUCH01 _h1157 |
||
| 650 | 1 | 4 |
_aFungicidas _xAplicación. _9126604 |
| 650 | 1 | 4 |
_aSemillas _xAlmacenamiento _xPlagas. _9103876 |
| 650 | 1 | 4 |
_aSemillas _xEnfermedades por hongos. _9103899 |
| 856 |
_a1 _n0000739 |
||
| 856 |
_aFinding aid _uhttp://10.13.5.2/tesis/sist109416.pdf _zTeclea aquí |
||
| 901 | _aBK | ||
| 942 | _cTESIS | ||
| 942 | _n0 | ||
| 999 |
_c105878 _d105878 |
||